Jewish Documents of the Time of Ezra. (Record no. 1573)

MARC details
000 -LEADER
fixed length control field 00599nam a2200229 a 4500
020 ## - INTERNATIONAL STANDARD BOOK NUMBER
ISBN
082 00 - DEWEY DECIMAL CLASSIFICATION NUMBER
Classification number 296.123
Author Cutter COW
100 ## - MAIN ENTRY--AUTHOR NAME
Author name Cowley, A
245 ## - TITLE STATEMENT
Title Jewish Documents of the Time of Ezra.
260 ## - PUBLICATION, DISTRIBUTION, ETC. (IMPRINT)
Place of publication London
Name of publisher Society for Promoting Christian Knowledg
Year of publication 1919
300 ## - PHYSICAL DESCRIPTION
Number of Pages 100p
500 ## - GENERAL NOTE
General note includes index and biblioraphy
505 2# - FORMATTED CONTENTS NOTE
Formatted contents note Index of Words and References, Bibliography
650 ## - SUBJECT ADDED ENTRY--TOPICAL TERM
Topical Term Mishnah
942 ## - ADDED ENTRY ELEMENTS (KOHA)
Koha item type Books
Holdings
Collection code Home library Current library Date acquired Cost, normal purchase price Full call number Accession Number Koha item type
  Henry Martyn Institute Library Henry Martyn Institute Library 07/27/2007 100.00 296.123 COW 01700 Books
                   Copyright © 2026 | Henry Martyn Institute | Hyderabad | TS-500052 | INDIA | Implemented by hmi.edu.in
Hit-Count:

Powered by Koha